| 000 | 00000nam 2200000za 4500 |
| 001 | 9.837748 |
| 003 | CaOODSP |
| 005 | 20230914104433 |
| 007 | cr ||||||||||| |
| 008 | 170605s2017 onc o f000 0 eng d |
| 020 | |a9780660087146 |
| 040 | |aCaOODSP|beng |
| 043 | |an-cn--- |
| 086 | 1 |aBT42-662/2018E-PDF |
| 245 | 00|aAgreement between the Treasury Board and the Public Service Alliance of Canada |h[electronic resource] : |bgroup, operational services (all employees) : expiry date, 2018-08-04. |
| 246 | 1 |iAt head of title: |aOperational services (SV) |
| 260 | |aOttawa : |bTreasury Board of Canada Secretariat, |cc2017. |
| 300 | |aix, 299 p. |
| 500 | |aIssued also in French under title: Convention entre le Conseil du trésor et Alliance de la Fonction publique du Canada : groupe, services de l'exploitation (tous les employés) : date d’expiration, 2018-08-04. |
| 500 | |aCover title. |
| 500 | |a"Code: 602, 603, 604, 605, 606, 607, 612, 652, 653, 654, 655, 656, 657, 662, 659." |
| 692 | 07|2gccst|aCollective agreements |
| 710 | 1 |aCanada. |bTreasury Board. |
| 710 | 2 |aPublic Service Alliance of Canada. |
| 775 | 08|tConvention entre le Conseil du trésor et Alliance de la Fonction publique du Canada |w(CaOODSP)9.837749 |
| 794 | |tAgreement between the Treasury Board and the Public Service Alliance of Canada : |b"Expiry date: 2021-08-04."|w(CaOODSP)9.881212 |
| 795 | |tAgreement between the Treasury Board and the Public Service Alliance of Canada |b"Expiry date: 4 August, 2014."|w(CaOODSP)9.818382 |
| 856 | 40|qPDF|s1.09 MB|uhttps://publications.gc.ca/collections/collection_2018/sct-tbs/BT42-662-2018-eng.pdf |